• 首页
  • 本馆介绍
  • 公告通知
  • 最新文献
  • 馆藏检索
  • 电子资源
  • 读者导购
  • 参考咨询
  • 我的图书馆
  • 登录
  • 详细信息显示
  • 放入我的书架
  • 预约/预借图书
  • 作者相关作品
  • 分类相关作品
  • 丛书相关作品
  • 出版社相关作品

书目信息

  • 表格格式
  • 工作单格式
  • 卡片格式
书名: Rules of civility
作者: edited, and with commentary by Richard Brookhiser.
分册号:
分册名:
出版地: New York :
 
出版社: Free Press
出版时间: c1997.
页数: 90 p. :
开本: 19 cm.
丛书名:
中图分类号:
科图分类号:
其他分类号: C912.1
主题词:
电子资源:
000 01163cam a2200301 a 450
001 E0737668632
005 20070513103236.50
008 961209s1997 nyua b 000 0 eng
010    @a96006521
020    @a0684837234.
035    @A(DLC) 96006521
040    @aDLC@cDLC@dDLC
050 00 @aE312@b.78 1997
082 00 @a395/.0973@2 21
090    @aC912.1
099    @dC912.1@ex146
100 1  @aWashington, George,@d1732-1799.
245 10 @aRules of civility :@bthe 110 precepts that guided our first president in war and peace / @cedited, and with commentary by Richard Brookhiser.
260    @aNew York :@bFree Press,@cc1997.
300    @a90 p. :@bill. ;@c19 cm.
504    @aIncludes bibliographical references (p. 89-90).
600 10 @aWashington, George,@d1732-1799@xPhilosophy.
650  0 @aEtiquette@vEarly works to 1800.
700 1  @aBrookhiser, Richard.
906    @a7@bcbc@corignew@d1@eocip@f19@gy-gencatlg
920    @a**LC HAS REQ’D # OF SHELF COPIES**
955    @apc01 to LA00 12-10-96; lh39 to subj. 12-13-96; lk29 12-16-96; lh37 12-17-96; CIP ver. pv07 10-10-97
991    @bc-GenColl@hE312.78@i1997@p00039179854@tCopy 1@wBOOKS
    
    Rules of civility : : the 110 precepts that guided our first president in war and peace / / edited, and with commentary by Richard Brookhiser.-New York : : Free Press, , c1997.
    90 p. : : ill. ; ; 19 cm.
    Includes bibliographical references (p. 89-90).
    
    ISBN 0684837234.
    
●
相关链接 在E读中查询图书 在五车中查询图书 在当当中查询图书 在豆瓣中查询图书


正题名:Rules of civility     索取号:C912.1/x146         预约/预借

序号 登录号 条形码 馆藏地/架位号 状态 备注
1 0008422   300084227   第二样本阅览室/ [索取号:C912.1/x146] 在馆    
2 0008423   300084236   第四借阅区/ [索取号:C912.1/x146] 在馆    
3 0008424   300084245   第四借阅区/ [索取号:C912.1/x146] 在馆    
唐山师范学院图书馆 欢迎您!
大连网信软件有限公司© 版权所有